| 000 | 01250nam0a2200337 4500 | ||
|---|---|---|---|
| 001 | RU\NLR\bibl\49983 | ||
| 005 | 20260405202232.0 | ||
| 010 |
_a5-8121-0010-1 _95000 |
||
| 021 |
_aRU _b99-7576 _9364 |
||
| 035 | _a(NLR Aleph) 000048719 | ||
| 090 |
_a259677 _c259677 |
||
| 100 | _a19990929d1999 |||y0rusy50 ca | ||
| 101 | 0 | _arus | |
| 102 | _aRU | ||
| 105 | _aac ||||||||| | ||
| 200 | 1 |
_aМунизм: вероучение, религиозная практика и образ жизни последователей Сан Мен Муна _fТ.Н. Кузнецова |
|
| 205 | _a2-е изд. | ||
| 210 |
_aМ. _cМАК Центр _d1999 |
||
| 215 |
_a377 с. _cил., портр. _d21 |
||
| 300 | _aНа обороте тит. л. авт.: к. ист. н., преп. | ||
| 320 | _aБиблиогр.: с. 364-375 | ||
| 606 | 0 |
_aМунизм _91630416 _3RU\NLR\auth\661018419 |
|
| 686 | _aЭ378.151.19 | ||
| 700 | 1 |
_4070 _8rus _7ca _aКузнецова _bТ. Н. _cканд. ист. наук _gТатьяна Николаевна _3RU\NLR\auth\7789720 _972647 |
|
| 801 | 0 |
_aRU _bNLR _c19990929 _gPSBO |
|
| 801 | 1 |
_aRU _bNLR _c19990929 |
|
| 852 |
_aNLR _j99-5/2809 |
||
| 942 | _cBOOK | ||
| 980 | _aNB | ||